[Event "Madrid ch Veteranos 2324"]
[Site "Madrid ESP"]
[Date "2024.03.13"]
[Round "3.33"]
[White "Conchillo Roman, Jose Ignacio"]
[Black "Serrano Garcia, Vicente"]
[Result "0-1"]
[WhiteElo "1718"]
[BlackElo "1836"]
[PlyCount "48"]
[EventDate "2024.03.11"]
[EventType "swiss"]
[EventRounds "9"]
[EventCountry "ESP"]
[SourceTitle "Ajedrez en Madrid"]
[Source "lmi"]
[SourceDate "2024.03.11"]
[SourceVersion "1"]
[SourceVersionDate "2024.03.23"]
[SourceQuality "1"]

1. e4 e6 2. d4 d5 3. e5 c5 4. c3 Nc6 5. Nf3 Bd7 6. Bd3 cxd4 7. cxd4 Qb6 8. O-O
Nxd4 9. Nxd4 Qxd4 10. Nc3 Qb4 11. a3 Qa5 12. b4 Qc7 13. Nb5 Qxe5 14. Bb2 Qxb2
15. Nc7+ Kd8 16. Nxa8 Bd6 17. Re1 Qd4 18. Rc1 a6 19. Qh5 Qxd3 20. Qg5+ Ne7 21.
Nb6 Qg6 22. Qe3 Qh6 23. Qxh6 gxh6 24. Re3 Bf4 0-1

[Event "Madrid ch Veteranos 2324"]
[Site "Madrid ESP"]
[Date "2024.03.13"]
[Round "3.34"]
[White "Nevado Munoz, Rafael"]
[Black "Fernandez Rios, Jose Francisco"]
[Result "1/2-1/2"]
[WhiteElo "1710"]
[BlackElo "1770"]
[PlyCount "72"]
[EventDate "2024.03.11"]
[EventType "swiss"]
[EventRounds "9"]
[EventCountry "ESP"]
[SourceTitle "Ajedrez en Madrid"]
[Source "lmi"]
[SourceDate "2024.03.11"]
[SourceVersion "1"]
[SourceVersionDate "2024.03.23"]
[SourceQuality "1"]

1. e4 c5 2. Nf3 g6 3. d4 cxd4 4. Nxd4 Bg7 5. Be3 Nc6 6. c3 Nf6 7. Bd3 O-O 8.
O-O d5 9. Nxc6 bxc6 10. exd5 cxd5 11. Re1 Qc7 12. Qd2 e5 13. f3 Re8 14. Kh1 Bb7
15. Na3 a6 16. Rac1 Rad8 17. Qf2 Rd6 18. Nc2 Rde6 19. Rcd1 e4 20. Be2 exf3 21.
Bxf3 Ne4 22. Qg1 g5 23. Bd4 Ng3+ 24. hxg3 Rh6+ 25. Qh2 Rxh2+ 26. Kxh2 Rxe1 27.
Rxe1 Bxd4 28. Nxd4 Qd7 29. g4 Qd6+ 30. g3 Kf8 31. Rf1 Bc8 32. Rd1 Qc5 33. Rd2
a5 34. Kg2 a4 35. a3 Ba6 36. Rf2 Qe7 1/2-1/2

[Event "Madrid ch Veteranos 2324"]
[Site "Madrid ESP"]
[Date "2024.03.13"]
[Round "3.35"]
[White "Hortelano Hap, Ramon"]
[Black "Jimenez Ascarza, Jose Ignacio"]
[Result "1/2-1/2"]
[WhiteElo "1680"]
[BlackElo "1755"]
[PlyCount "71"]
[EventDate "2024.03.11"]
[EventType "swiss"]
[EventRounds "9"]
[EventCountry "ESP"]
[SourceTitle "Ajedrez en Madrid"]
[Source "lmi"]
[SourceDate "2024.03.11"]
[SourceVersion "1"]
[SourceVersionDate "2024.03.23"]
[SourceQuality "1"]

1. c4 Nf6 2. d4 g6 3. Nf3 Bg7 4. g3 c6 5. Bg2 d5 6. cxd5 cxd5 7. O-O O-O 8. Nc3
Nc6 9. a3 a6 10. b4 Ne4 11. Bb2 f5 12. e3 e5 13. Nxe4 dxe4 14. Qb3+ Kh8 15.
Nxe5 Nxe5 16. dxe5 Qe7 17. Rfd1 Be6 18. Qc2 Rac8 19. Qe2 Bc4 20. Qe1 Bd3 21.
Bf1 Rfd8 22. Bxd3 exd3 23. Bd4 Bxe5 24. Rxd3 Bxd4 25. Rxd4 Rxd4 26. exd4 Qxe1+
27. Rxe1 Rc7 28. d5 Rd7 29. Rd1 Kg7 30. f4 Kf6 31. Kf2 Ke7 32. Ke3 Kd6 33. Kd4
Re7 34. Rd2 Re4+ 35. Kc3 Re3+ 36. Kb2 1/2-1/2

[Event "Madrid ch Veteranos 2324"]
[Site "Madrid ESP"]
[Date "2024.03.13"]
[Round "3.36"]
[White "Lopez Orellana, Federico"]
[Black "Benito Mellado, Humberto"]
[Result "1/2-1/2"]
[WhiteElo "1752"]
[BlackElo "1612"]
[PlyCount "53"]
[EventDate "2024.03.11"]
[EventType "swiss"]
[EventRounds "9"]
[EventCountry "ESP"]
[SourceTitle "Ajedrez en Madrid"]
[Source "lmi"]
[SourceDate "2024.03.11"]
[SourceVersion "1"]
[SourceVersionDate "2024.03.23"]
[SourceQuality "1"]

1. d4 d5 2. e3 Nf6 3. Bd3 g6 4. Nf3 Bg7 5. O-O Bg4 6. h3 Bc8 7. c4 O-O 8. Nc3
Re8 9. Qb3 c6 10. cxd5 cxd5 11. Bd2 Nc6 12. Bb5 a6 13. Bxc6 bxc6 14. Rac1 Bd7
15. Ne5 Rb8 16. Qa3 Qb6 17. Na4 Qb7 18. b3 Ne4 19. Nxd7 Qxd7 20. Nc5 Nxc5 21.
Rxc5 e6 22. Qa4 Bf8 23. Qxc6 Qxc6 24. Rxc6 Ra8 25. Ba5 Ba3 26. b4 Rec8 27. Rc5
1/2-1/2

[Event "Madrid ch Veteranos 2324"]
[Site "Madrid ESP"]
[Date "2024.03.13"]
[Round "3.37"]
[White "Lopez Saez, Maria Jose"]
[Black "Jimenez Manzano, Emiliano"]
[Result "0-1"]
[WhiteElo "1467"]
[BlackElo "1732"]
[PlyCount "90"]
[EventDate "2024.03.11"]
[EventType "swiss"]
[EventRounds "9"]
[EventCountry "ESP"]
[SourceTitle "Ajedrez en Madrid"]
[Source "lmi"]
[SourceDate "2024.03.11"]
[SourceVersion "1"]
[SourceVersionDate "2024.03.23"]
[SourceQuality "1"]

1. e4 e5 2. Nf3 d6 3. Bc4 Be6 4. Bxe6 fxe6 5. c4 Nc6 6. d3 h6 7. Be3 Nf6 8. Nc3
Qd7 9. O-O Be7 10. h3 a6 11. Rb1 O-O 12. a3 Nd8 13. Qb3 b6 14. Bd2 Kh7 15. Ne2
b5 16. Ng3 Nf7 17. Qc2 bxc4 18. dxc4 c6 19. Bc3 Rab8 20. Nd2 Nh8 21. f3 Ng6 22.
Ne2 Nh5 23. g3 Kg8 24. Rf2 d5 25. exd5 Bc5 26. Qxg6 Bxf2+ 27. Kxf2 Nf6 28. Bxe5
Rbe8 29. d6 Qa7+ 30. Kg2 Qe3 31. Bf4 Qxe2+ 32. Kg1 h5 33. Bh6 Rf7 34. Rf1 Qe5
35. Bf4 Qd4+ 36. Kg2 e5 37. Ne4 exf4 38. Nxf6+ Qxf6 39. Qd3 Qg5 40. g4 Rd7 41.
b4 Qh4 42. Qd2 Qg3+ 43. Kh1 Qxh3+ 44. Qh2 hxg4 45. fxg4 Qxf1+ 0-1

[Event "Madrid ch Veteranos 2324"]
[Site "Madrid ESP"]
[Date "2024.03.14"]
[Round "4.1"]
[White "Pastor Alonso De Prado, Alberto"]
[Black "Candela Perez, Jose"]
[Result "0-1"]
[WhiteElo "1951"]
[BlackElo "2301"]
[PlyCount "46"]
[EventDate "2024.03.11"]
[EventType "swiss"]
[EventRounds "9"]
[EventCountry "ESP"]
[SourceTitle "Ajedrez en Madrid"]
[Source "lmi"]
[SourceDate "2024.03.11"]
[SourceVersion "1"]
[SourceVersionDate "2024.03.23"]
[SourceQuality "1"]

1. e4 c5 2. c3 Nf6 3. e5 Nd5 4. d4 cxd4 5. Nf3 Nc6 6. cxd4 d6 7. Nc3 dxe5 8.
dxe5 Nxc3 9. Qxd8+ Nxd8 10. bxc3 Bd7 11. Be3 Nc6 12. Rb1 O-O-O 13. Bc4 e6 14.
O-O h6 15. h4 Be7 16. h5 Kb8 17. Bb5 Rc8 18. c4 Rhd8 19. c5 Na5 20. Rfc1 Bxb5
21. Rxb5 Nc6 22. Nd2 Rxd2 23. Bxd2 Nd4 0-1

[Event "Madrid ch Veteranos 2324"]
[Site "Madrid ESP"]
[Date "2024.03.14"]
[Round "4.2"]
[White "Longa Yauca, Javier"]
[Black "Pashov, Spas Nikolov"]
[Result "1-0"]
[WhiteElo "2238"]
[BlackElo "1881"]
[PlyCount "34"]
[EventDate "2024.03.11"]
[EventType "swiss"]
[EventRounds "9"]
[EventCountry "ESP"]
[SourceTitle "Ajedrez en Madrid"]
[Source "lmi"]
[SourceDate "2024.03.11"]
[SourceVersion "1"]
[SourceVersionDate "2024.03.23"]
[SourceQuality "1"]

1. d4 d5 2. c4 e6 3. Nc3 Nf6 4. Bg5 Be7 5. e3 O-O 6. Qc2 dxc4 7. Bxc4 c5 8.
dxc5 Bxc5 9. Rd1 Bd7 10. Nf3 Be7 11. O-O Re8 12. Ne5 Qc8 13. Qe2 Bc6 14. Rc1
Nfd7 15. Nxf7 Kxf7 16. Qh5+ Kg8 17. Bxe6+ Kh8 1-0

[Event "Madrid ch Veteranos 2324"]
[Site "Madrid ESP"]
[Date "2024.03.14"]
[Round "4.3"]
[White "Vazquez Gonzalez, Francisco"]
[Black "Grabuzova, Tatiana"]
[Result "0-1"]
[WhiteElo "1918"]
[BlackElo "2216"]
[PlyCount "54"]
[EventDate "2024.03.11"]
[EventType "swiss"]
[EventRounds "9"]
[EventCountry "ESP"]
[SourceTitle "Ajedrez en Madrid"]
[Source "lmi"]
[SourceDate "2024.03.11"]
[SourceVersion "1"]
[SourceVersionDate "2024.03.23"]
[SourceQuality "1"]

1. e4 e6 2. Bd3 d5 3. c3 e5 4. Nf3 Nf6 5. exd5 Qxd5 6. Qe2 Be6 7. Bb5+ c6 8.
Ba4 e4 9. Nd4 Nbd7 10. Nxe6 fxe6 11. O-O Nc5 12. Bc2 Nd3 13. b3 Bc5 14. c4 Nf4
15. cxd5 Nxe2+ 16. Kh1 Nxc1 17. Rxc1 exd5 18. f3 exf3 19. gxf3 O-O 20. Nc3 Nh5
21. Rf1 Rae8 22. Rad1 Bd4 23. Kg2 Nf4+ 24. Kg3 Bxc3 25. dxc3 Ne2+ 26. Kg2 Nxc3
27. Rde1 Nxa2 0-1

[Event "Madrid ch Veteranos 2324"]
[Site "Madrid ESP"]
[Date "2024.03.14"]
[Round "4.4"]
[White "Barraza Caracuel, Ignacio"]
[Black "Luque Ibanes, Manuel"]
[Result "1/2-1/2"]
[WhiteElo "2049"]
[BlackElo "1983"]
[PlyCount "98"]
[EventDate "2024.03.11"]
[EventType "swiss"]
[EventRounds "9"]
[EventCountry "ESP"]
[SourceTitle "Ajedrez en Madrid"]
[Source "lmi"]
[SourceDate "2024.03.11"]
[SourceVersion "1"]
[SourceVersionDate "2024.03.23"]
[SourceQuality "1"]

1. d4 Nf6 2. Nf3 g6 3. c4 Bg7 4. Nc3 d6 5. Bg5 O-O 6. e3 c5 7. d5 e6 8. Nd2 h6
9. Bh4 exd5 10. cxd5 Nbd7 11. Be2 a6 12. a4 b6 13. O-O Bb7 14. Nc4 Qc7 15. Bg3
Ne8 16. e4 Rd8 17. f4 Bxc3 18. bxc3 b5 19. axb5 axb5 20. Ne3 Ndf6 21. Bf3 Qb6
22. Kh1 Nc7 23. Bh4 Kg7 24. Ng4 Nxg4 25. Bxd8 Ne3 26. Bxc7 Qxc7 27. Qe2 Nxf1
28. Rxf1 b4 29. cxb4 cxb4 30. Qb2+ Qc3 31. Rb1 Rc8 32. h3 Qxb2 33. Rxb2 Rc4 34.
Kg1 f5 35. e5 dxe5 36. fxe5 Rd4 37. Rc2 Ba6 38. Rc7+ Kf8 39. Rc6 Bc4 40. d6 Be6
41. Rb6 b3 42. Rb8+ Kf7 43. Rb7+ Kf8 44. Kf2 Rc4 45. Ke3 Rc5 46. Kd4 Rc4+ 47.
Kd3 Rc5 48. Rb8+ Kf7 49. Rb7+ Kf8 1/2-1/2

[Event "Madrid ch Veteranos 2324"]
[Site "Madrid ESP"]
[Date "2024.03.14"]
[Round "4.5"]
[White "Gonzalez Rivera, Eduardo"]
[Black "Cabanas Bravo, Juan Andres"]
[Result "1/2-1/2"]
[WhiteElo "1999"]
[BlackElo "1927"]
[PlyCount "114"]
[EventDate "2024.03.11"]
[EventType "swiss"]
[EventRounds "9"]
[EventCountry "ESP"]
[SourceTitle "Ajedrez en Madrid"]
[Source "lmi"]
[SourceDate "2024.03.11"]
[SourceVersion "1"]
[SourceVersionDate "2024.03.23"]
[SourceQuality "1"]

1. e4 e5 2. Nf3 Nc6 3. Bb5 Bc5 4. Bxc6 dxc6 5. O-O Bg4 6. h3 h5 7. d3 Qf6 8.
Be3 Bxf3 9. Qxf3 Qxf3 10. gxf3 Bd6 11. Nd2 Ne7 12. d4 exd4 13. Bxd4 O-O-O 14.
Rfd1 Bh2+ 15. Kxh2 Rxd4 16. Nb3 Rd6 17. e5 Rd5 18. f4 Rhd8 19. Rg1 g6 20. Rae1
b6 21. Kg2 a5 22. Kf3 a4 23. Nc1 Rd2 24. Re2 Rxe2 25. Kxe2 Nf5 26. c3 c5 27.
Rd1 Rxd1 28. Kxd1 Kd7 29. Ke2 Ke6 30. Kd3 Ne7 31. Ke4 Nd5 32. Ne2 b5 33. b4
axb3 34. axb3 Nb6 35. Nc1 c6 36. h4 Nd5 37. Ne2 Ne7 38. b4 cxb4 39. cxb4 f5+
40. Kd4 Nd5 41. Kc5 Kd7 42. e6+ Kxe6 43. Nd4+ Kd7 44. Nxc6 Nxf4 45. Kxb5 Kc7
46. Ne5 g5 47. hxg5 h4 48. Nf3 h3 49. Kc5 Ne6+ 50. Kd5 Nxg5 51. Nh2 Nf7 52. Ke6
Nh6 53. Nf3 Kb6 54. Kf6 Kb5 55. Kg5 Ng4 56. Kxf5 Nxf2 57. Kf4 Kxb4 1/2-1/2

[Event "Madrid ch Veteranos 2324"]
[Site "Madrid ESP"]
[Date "2024.03.14"]
[Round "4.6"]
[White "Martin Rodriguez, Emilio"]
[Black "Ruiz Bellon, Manuel"]
[Result "1/2-1/2"]
[WhiteElo "1998"]
[BlackElo "1932"]
[PlyCount "72"]
[EventDate "2024.03.11"]
[EventType "swiss"]
[EventRounds "9"]
[EventCountry "ESP"]
[SourceTitle "Ajedrez en Madrid"]
[Source "lmi"]
[SourceDate "2024.03.11"]
[SourceVersion "1"]
[SourceVersionDate "2024.03.23"]
[SourceQuality "1"]

1. d4 Nf6 2. Nf3 e6 3. Bg5 c5 4. Nbd2 h6 5. Bxf6 gxf6 6. e4 cxd4 7. Nxd4 Nc6 8.
Nc4 a6 9. a4 Ne5 10. Nf3 Nxc4 11. Bxc4 Qc7 12. Qe2 b6 13. O-O Bb7 14. Rfe1 Qf4
15. Rad1 Be7 16. Qd3 d6 17. Nd4 O-O 18. Re3 d5 19. exd5 exd5 20. Bb3 Bc5 21. c3
Rfe8 22. Rde1 Re4 23. Rxe4 dxe4 24. Qc4 Rf8 25. Re3 Kh8 26. h3 Qe5 27. Qe2 Qf4
28. g3 Qg5 29. h4 Qg6 30. Kf1 f5 31. Ke1 Rd8 32. Bc4 f4 33. gxf4 Qg1+ 34. Qf1
Qg4 35. Qe2 Qg1+ 36. Qf1 Qg4 1/2-1/2

[Event "Madrid ch Veteranos 2324"]
[Site "Madrid ESP"]
[Date "2024.03.14"]
[Round "4.7"]
[White "Martin Martin, Luis Vicente"]
[Black "Unciti Juan, Javier"]
[Result "1/2-1/2"]
[WhiteElo "1938"]
[BlackElo "1959"]
[PlyCount "146"]
[EventDate "2024.03.11"]
[EventType "swiss"]
[EventRounds "9"]
[EventCountry "ESP"]
[SourceTitle "Ajedrez en Madrid"]
[Source "lmi"]
[SourceDate "2024.03.11"]
[SourceVersion "1"]
[SourceVersionDate "2024.03.23"]
[SourceQuality "1"]

1. d4 Nf6 2. Bf4 d5 3. e3 c5 4. c3 Nc6 5. Nd2 Qb6 6. Qb3 c4 7. Qc2 g6 8. e4 e6
9. e5 Nh5 10. Be3 Qd8 11. Be2 Ng7 12. Ngf3 Be7 13. Nf1 Nf5 14. Bd2 h5 15. Qc1
f6 16. exf6 Bxf6 17. Bg5 e5 18. Bxf6 Qxf6 19. dxe5 Nxe5 20. Ne3 Ne7 21. Qd2 Be6
22. Nxe5 Qxe5 23. O-O O-O-O 24. Rad1 g5 25. Qd4 Qxd4 26. Rxd4 g4 27. Rfd1 Rhe8
28. g3 Rd7 29. Bf1 b5 30. Bg2 Red8 31. Rf4 Bg8 32. Nf5 Ng6 33. Nd4 Nxf4 34.
gxf4 Re8 35. f3 a6 36. fxg4 hxg4 37. Kf2 Bh7 38. h3 Rf7 39. hxg4 Rxf4+ 40. Kg3
Rff8 41. Bxd5 Re3+ 42. Kh4 Bg8 43. Bc6 Kc7 44. Bh1 Bh7 45. Rd2 Bd3 46. Bg2 Rg8
47. Rf2 Re7 48. Bd5 Rh8+ 49. Kg3 Reh7 50. Rf6 Rh3+ 51. Kf4 R8h7 52. Rxa6 b4 53.
Bxc4 bxc3 54. bxc3 Kb7 55. Ra4 Bxc4 56. Rxc4 Rh2 57. a4 Rf2+ 58. Ke3 Rg2 59.
Kf3 Rg1 60. Nf5 Rh3+ 61. Kf4 Rc1 62. Nd6+ Kb6 63. Ne4 Rhh1 64. g5 Rce1 65. Kf5
Rhf1+ 66. Ke5 Rf3 67. Kd5 Rf4 68. Nd6 Rf2 69. Re4 Rd1+ 70. Ke5 Rg1 71. Rb4+ Kc6
72. Rc4+ Kb6 73. Ne4 Re1 1/2-1/2

[Event "Madrid ch Veteranos 2324"]
[Site "Madrid ESP"]
[Date "2024.03.14"]
[Round "4.8"]
[White "Herrero Reques, Sergio"]
[Black "Rodriguez Valdeavero, Julio Cesa"]
[Result "1-0"]
[WhiteElo "2008"]
[BlackElo "1887"]
[PlyCount "57"]
[EventDate "2024.03.11"]
[EventType "swiss"]
[EventRounds "9"]
[EventCountry "ESP"]
[SourceTitle "Ajedrez en Madrid"]
[Source "lmi"]
[SourceDate "2024.03.11"]
[SourceVersion "1"]
[SourceVersionDate "2024.03.23"]
[SourceQuality "1"]

1. Nf3 Nf6 2. c4 e6 3. g3 d5 4. d4 Be7 5. Bg2 O-O 6. O-O c6 7. Qc2 b6 8. Nbd2
Bb7 9. Rd1 Nbd7 10. e4 c5 11. exd5 cxd4 12. Nh4 exd5 13. Nf5 Rc8 14. b3 b5 15.
Bb2 Bb4 16. Bxd4 bxc4 17. bxc4 a5 18. Qb2 Ba8 19. cxd5 Rb8 20. Nc4 Bc5 21. Qd2
Bxd4 22. Qxd4 Rb4 23. a3 Ra4 24. Rac1 Qb8 25. Ne7+ Kh8 26. Nc6 Qb5 27. Nd6 Rxd4
28. Nxb5 Rxd1+ 29. Rxd1 1-0

[Event "Madrid ch Veteranos 2324"]
[Site "Madrid ESP"]
[Date "2024.03.14"]
[Round "4.9"]
[White "Ramos Fernandez, Pedro"]
[Black "Ubillus Carrasco, Javier"]
[Result "1/2-1/2"]
[WhiteElo "1981"]
[BlackElo "1879"]
[PlyCount "135"]
[EventDate "2024.03.11"]
[EventType "swiss"]
[EventRounds "9"]
[EventCountry "ESP"]
[SourceTitle "Ajedrez en Madrid"]
[Source "lmi"]
[SourceDate "2024.03.11"]
[SourceVersion "1"]
[SourceVersionDate "2024.03.23"]
[SourceQuality "1"]

1. e4 c5 2. Nc3 d6 3. g3 a6 4. Bg2 Nc6 5. d3 Nf6 6. Be3 Bg4 7. f3 Bd7 8. Nh3 e6
9. O-O Be7 10. f4 Qc7 11. a3 h6 12. Rb1 Rb8 13. f5 e5 14. Nf2 b5 15. Ng4 b4 16.
Nxf6+ Bxf6 17. Nd5 Qd8 18. Qg4 a5 19. Qh5 Nd4 20. axb4 Nxc2 21. bxa5 Nxe3 22.
Nxe3 Qxa5 23. Nc4 Qc7 24. Qd1 O-O 25. Qc2 Bb5 26. Ne3 Bc6 27. Bf3 Rfd8 28. h4
Rb4 29. Rfc1 Rdb8 30. Bd1 Qb7 31. Nc4 Be7 32. b3 f6 33. Qe2 Qb5 34. Ra1 d5 35.
Ra5 Qb7 36. exd5 Bxd5 37. Rca1 Qc8 38. Ra7 R4b7 39. Ne3 Bc6 40. Qc2 Be8 41. Bf3
Bc6 42. Qc4+ Kh8 43. Bxc6 Qxc6 44. Nd5 Bf8 45. R1a6 Qd7 46. Nb6 Qc7 47. Nd5 Qd7
48. Ra8 Qxf5 49. Qe4 Qxe4 50. dxe4 Rxb3 51. Kf2 c4 52. Kg2 Rb2+ 53. Kf3 Kh7 54.
Rxb8 Rxb8 55. Rc6 Rb3+ 56. Kg2 Rb2+ 57. Kf3 Rc2 58. h5 Rc1 59. Ne3 c3 60. Nd5
Rh1 61. Kg4 Re1 62. Kf3 Rh1 63. Kg4 Re1 64. Kf3 Rf1+ 65. Kg2 Re1 66. Rc7 Kg8
67. Kf3 Rh1 68. Kg4 1/2-1/2

[Event "Madrid ch Veteranos 2324"]
[Site "Madrid ESP"]
[Date "2024.03.14"]
[Round "4.10"]
[White "Martin Garcia, Luis I"]
[Black "Sanchez Garcia, Aurelio"]
[Result "0-1"]
[WhiteElo "1894"]
[BlackElo "1951"]
[PlyCount "84"]
[EventDate "2024.03.11"]
[EventType "swiss"]
[EventRounds "9"]
[EventCountry "ESP"]
[SourceTitle "Ajedrez en Madrid"]
[Source "lmi"]
[SourceDate "2024.03.11"]
[SourceVersion "1"]
[SourceVersionDate "2024.03.23"]
[SourceQuality "1"]

1. e4 g6 2. d4 Bg7 3. Nc3 d5 4. Be3 dxe4 5. Nxe4 Nf6 6. Nxf6+ exf6 7. Bb5+ c6
8. Bc4 O-O 9. Qd2 Nd7 10. Nf3 Nb6 11. Bb3 Nd5 12. Bxd5 Qxd5 13. h3 b5 14. c3
Bf5 15. Nh4 Be6 16. f4 Rfe8 17. Kf2 f5 18. Nf3 f6 19. b4 a5 20. a3 Ra7 21. Rhe1
Rea8 22. Qb2 axb4 23. cxb4 Ra6 24. Rec1 Qb3 25. Qxb3 Bxb3 26. Rc3 Bd5 27. Ne1
Bf8 28. Nd3 Ra4 29. Bd2 Bxb4 30. Nxb4 Rxb4 31. axb4 Rxa1 32. Rc2 Kf7 33. Kg3
Ke6 34. Kf2 Bc4 35. Rc1 Ra2 36. Ke3 Kd5 37. g3 Ra8 38. Bc3 Ra2 39. Bd2 Ra3+ 40.
Rc3 Ra8 41. Kf3 Kxd4 42. Rc1 Kd3 0-1

[Event "Madrid ch Veteranos 2324"]
[Site "Madrid ESP"]
[Date "2024.03.14"]
[Round "4.11"]
[White "Gil Sierra, Jacinto"]
[Black "Lopez de Turiso Sanchez, Jose An"]
[Result "1/2-1/2"]
[WhiteElo "1877"]
[BlackElo "1940"]
[PlyCount "61"]
[EventDate "2024.03.11"]
[EventType "swiss"]
[EventRounds "9"]
[EventCountry "ESP"]
[SourceTitle "Ajedrez en Madrid"]
[Source "lmi"]
[SourceDate "2024.03.11"]
[SourceVersion "1"]
[SourceVersionDate "2024.03.23"]
[SourceQuality "1"]

1. e4 c5 2. Nf3 d6 3. d4 cxd4 4. Nxd4 Nf6 5. Nc3 Nc6 6. Bc4 Qb6 7. Nb3 e6 8.
Be3 Qc7 9. Qe2 a6 10. Nd4 Bd7 11. Bb3 Be7 12. O-O-O Na5 13. g4 Nxb3+ 14. axb3
Bc6 15. Nxc6 Qxc6 16. f3 O-O 17. g5 Nd7 18. f4 b5 19. Qd3 Rfd8 20. Rhg1 Nc5 21.
Bxc5 dxc5 22. Qe2 Rd4 23. Rxd4 cxd4 24. Nb1 a5 25. e5 a4 26. Qd3 axb3 27. Qxb3
Qe4 28. Rf1 Rc8 29. Nd2 Qf5 30. Kb1 g6 31. Qd3 1/2-1/2

[Event "Madrid ch Veteranos 2324"]
[Site "Madrid ESP"]
[Date "2024.03.14"]
[Round "4.12"]
[White "Alonso Abad, Enrique"]
[Black "Sanchez Peral, Pedro"]
[Result "1-0"]
[WhiteElo "1939"]
[BlackElo "1875"]
[PlyCount "57"]
[EventDate "2024.03.11"]
[EventType "swiss"]
[EventRounds "9"]
[EventCountry "ESP"]
[SourceTitle "Ajedrez en Madrid"]
[Source "lmi"]
[SourceDate "2024.03.11"]
[SourceVersion "1"]
[SourceVersionDate "2024.03.23"]
[SourceQuality "1"]

1. d4 Nf6 2. Bf4 d5 3. e3 c5 4. c3 Nc6 5. Nd2 e6 6. Ngf3 Bd6 7. Bg3 O-O 8. Bd3
Qc7 9. dxc5 Bxg3 10. hxg3 e5 11. e4 d4 12. cxd4 Nxd4 13. Nxd4 exd4 14. b4 Bg4
15. Qb1 Rfe8 16. O-O Bh5 17. Nc4 Bg6 18. Re1 b6 19. Nd6 Reb8 20. Qc2 Ne8 21.
Nb5 Qd8 22. Qc4 bxc5 23. bxc5 Rc8 24. Rac1 Qa5 25. Qxd4 Rc6 26. Nd6 Nc7 27. Bc4
Rf8 28. Nb7 Qa4 29. Bxf7+ 1-0

[Event "Madrid ch Veteranos 2324"]
[Site "Madrid ESP"]
[Date "2024.03.14"]
[Round "4.13"]
[White "Ruiz Quevedo, Andres"]
[Black "Vazquez Gonzalez, Jesus"]
[Result "1/2-1/2"]
[WhiteElo "1865"]
[BlackElo "1939"]
[PlyCount "42"]
[EventDate "2024.03.11"]
[EventType "swiss"]
[EventRounds "9"]
[EventCountry "ESP"]
[SourceTitle "Ajedrez en Madrid"]
[Source "lmi"]
[SourceDate "2024.03.11"]
[SourceVersion "1"]
[SourceVersionDate "2024.03.23"]
[SourceQuality "1"]

1. Nf3 d5 2. g3 c5 3. c4 d4 4. d3 Nc6 5. Bg2 e5 6. O-O Nf6 7. e3 Be7 8. exd4
exd4 9. Na3 O-O 10. Nc2 Bf5 11. a3 a5 12. b3 Re8 13. Re1 Qc8 14. Rb1 Bh3 15.
Bh1 Qd7 16. Ne5 Nxe5 17. Rxe5 Bd6 18. Rxe8+ Rxe8 19. b4 axb4 20. axb4 cxb4 21.
Bd2 Bc5 1/2-1/2

[Event "Madrid ch Veteranos 2324"]
[Site "Madrid ESP"]
[Date "2024.03.14"]
[Round "4.14"]
[White "Garcia Galeote, Lorenzo"]
[Black "Moreno Torrero, Javier"]
[Result "1/2-1/2"]
[WhiteElo "1860"]
[BlackElo "1911"]
[PlyCount "69"]
[EventDate "2024.03.11"]
[EventType "swiss"]
[EventRounds "9"]
[EventCountry "ESP"]
[SourceTitle "Ajedrez en Madrid"]
[Source "lmi"]
[SourceDate "2024.03.11"]
[SourceVersion "1"]
[SourceVersionDate "2024.03.23"]
[SourceQuality "1"]

1. d4 d5 2. c4 e6 3. Nc3 Nf6 4. cxd5 exd5 5. Bg5 Be7 6. Qc2 h6 7. Bh4 O-O 8. e3
Be6 9. Bd3 Nbd7 10. Nf3 c5 11. dxc5 Nxc5 12. Bf5 Nfe4 13. Bxe7 Qxe7 14. Bxe6
fxe6 15. O-O Rf6 16. Nxe4 Nxe4 17. Nd2 Nd6 18. e4 Rg6 19. f4 Rc8 20. Qd3 dxe4
21. Nxe4 Nxe4 22. Qxe4 Qc5+ 23. Rf2 Rf6 24. g3 e5 25. b4 Qb6 26. Qxe5 Qxb4 27.
Rb2 Qd6 28. Rxb7 Qxe5 29. fxe5 Re6 30. Rb2 Kf7 31. Rb7+ Kg6 32. Rd7 Rc2 33. Rd6
Rxd6 34. exd6 Rd2 35. Rf1 1/2-1/2

[Event "Madrid ch Veteranos 2324"]
[Site "Madrid ESP"]
[Date "2024.03.14"]
[Round "4.15"]
[White "Toledo Aguirre, Gonzalo"]
[Black "Pareja Vicente, Antonio"]
[Result "1-0"]
[WhiteElo "1896"]
[BlackElo "1869"]
[PlyCount "55"]
[EventDate "2024.03.11"]
[EventType "swiss"]
[EventRounds "9"]
[EventCountry "ESP"]
[SourceTitle "Ajedrez en Madrid"]
[Source "lmi"]
[SourceDate "2024.03.11"]
[SourceVersion "1"]
[SourceVersionDate "2024.03.23"]
[SourceQuality "1"]

1. d4 Nf6 2. c4 b6 3. Nc3 Bb7 4. Qc2 e6 5. e4 d5 6. cxd5 exd5 7. e5 Ne4 8. Bd3
Nc6 9. Nf3 Nb4 10. Qe2 Nxd3+ 11. Qxd3 Be7 12. O-O O-O 13. Be3 Qd7 14. Rac1 Rac8
15. Nd2 Nxc3 16. Rxc3 c5 17. f4 Qa4 18. Ra3 Qc6 19. Rc3 c4 20. Qe2 b5 21. f5 b4
22. Qg4 Kh8 23. Rcc1 Rg8 24. Rf3 Qb6 25. Rh3 Rc6 26. f6 Rxf6 27. exf6 Qxf6 28.
Rxh7+ 1-0

[Event "Madrid ch Veteranos 2324"]
[Site "Madrid ESP"]
[Date "2024.03.14"]
[Round "4.16"]
[White "Fernandez Garcia, Ignacio"]
[Black "Prada Lopez, Miguel Angel"]
[Result "1/2-1/2"]
[WhiteElo "1873"]
[BlackElo "2048"]
[PlyCount "157"]
[EventDate "2024.03.11"]
[EventType "swiss"]
[EventRounds "9"]
[EventCountry "ESP"]
[SourceTitle "Ajedrez en Madrid"]
[Source "lmi"]
[SourceDate "2024.03.11"]
[SourceVersion "1"]
[SourceVersionDate "2024.03.23"]
[SourceQuality "1"]

1. d4 e6 2. e4 d5 3. e5 c5 4. c3 Nc6 5. Nf3 Qb6 6. Bd3 Bd7 7. dxc5 Bxc5 8. O-O
a5 9. Na3 Nge7 10. Qe2 Ng6 11. Nb5 O-O 12. a4 Qd8 13. h4 f5 14. exf6 Qxf6 15.
Bg5 Qf7 16. Qc2 e5 17. Bxg6 hxg6 18. Qd2 e4 19. Nfd4 Ne5 20. b4 axb4 21. cxb4
Be7 22. Nc7 Nc4 23. Qc1 Rac8 24. Bxe7 Qxe7 25. Nxd5 Qe5 26. Qg5 Qxd4 27. Rad1
Qe5 28. Ne7+ Kf7 29. Nxc8 Bxc8 30. Rd8 Qxg5 31. Rxf8+ Kxf8 32. hxg5 Bd7 33. Rc1
Nd6 34. b5 Ke7 35. Kf1 Kd8 36. Ke2 Be6 37. Ke3 Bb3 38. Ra1 Kc7 39. Kd4 Kb6 40.
Kc3 Bf7 41. Kb4 Nc4 42. Rd1 Ne5 43. a5+ Kc7 44. b6+ Kc8 45. Rc1+ Kb8 46. Rh1
Nd3+ 47. Kc3 Kc8 48. Rh8+ Kd7 49. f3 Nc5 50. Rh1 exf3 51. gxf3 Kc6 52. Re1 Ne6
53. Kb4 Nd4 54. Rc1+ Kd6 55. Rc7 Bd5 56. Rxg7 Nc6+ 57. Ka4 Ne7 58. Kb5 Bc6+ 59.
Kc4 Bxf3 60. Rh7 Be2+ 61. Kc3 Ba6 62. Rh1 Nc6 63. Ra1 Ke5 64. Kb3 Kf5 65. Rg1
Nxa5+ 66. Kb4 Nc6+ 67. Kc5 Ne5 68. Kd6 Bd3 69. Re1 Be4 70. Kc7 Bc6 71. Rc1 Kxg5
72. Rxc6 Nxc6 73. Kxb7 Nb4 74. Ka7 Kf6 75. b7 Nc6+ 76. Kb6 Nb8 77. Kc7 Na6+ 78.
Kb6 Nb8 79. Kc7 1/2-1/2